Portugalia na Euro 2016 - Statystyki

Ogólne statystyki
  • Ten quiz został rozwiązany 154 razy
  • Średni wynik to 12 z 24
Statystyki odpowiedzi
Numer Hint Odpowiedź % Poprawnych
7 Real Madryt Cristiano Ronaldo
98%
3 Real Madryt Pepe
93%
1 Sporting Lizbona Rui Patricio
88%
20 Besiktas Stambuł Ricardo Quaresma
74%
17 Fenerbahce Stambuł Nani
66%
9 Lille Eder
64%
23 Sporting Lizbona Adrien Silva
63%
16 Benfica Lizbona Renato Sanches
63%
18 Sporting Braga Rafael Silva
62%
4 Southampton Jose Fonte
61%
14 Sporting Lizbona William Carvalho
60%
21 Southampton Cedric Soares
59%
8 AS Monaco Joao Moutinho
54%
6 AS Monaco Ricardo Carvalho
54%
Trener Fernando Santos
46%
12 Olympique Lyon Anthony Lopes
45%
5 Lorient Raphael Guerreiro
38%
2 Fenerbahce Stambuł Bruno Alves
31%
13 FC Porto Danilo
23%
10 Sporting Lizbona Joao Mario Eduardo
22%
11 VFL Wolfsburg Vieirinha
19%
15 Valencia Andre Gomes
16%
19 Benfica Lizboba Eliseu
12%
22 Dinamo Zagrzeb Eduardo
7%
Nie znaleziono quizów pasujących do podanych kryteriów
Rozkład punktacji
Procent ludzi z każdym wynikiem
Percentyl według liczby udzielonych odpowiedzi
Twoja historia wyników
Nie rozwiązałeś tego quizu